| 000 | 00453nab a2200145Ia 4500 | ||
|---|---|---|---|
| 003 | ES-SlBCS | ||
| 005 | 20210601124154.0 | ||
| 008 | 140529s1999 xxu||||| |||| 00| 0 eng d | ||
| 041 | _aeng | ||
| 100 | 1 |
_aGoldman, Alvin J. _9136783 |
|
| 245 | 0 | 0 |
_aSocial Epistemology _c Alvin J. Goldman |
| 650 | 0 | 4 |
_aEpistemología Social _9133073 |
| 773 | 0 |
_tCritica (Revista Hispano Americana de Filosofia) _gvol. 31, nº. 93, 1999, págs. 3-20 _wRev1514 |
|
| 942 | _cAR | ||
| 999 |
_c510469 _d510469 |
||